Central Library OPAC University of Rajshahi

British history 1783-1936 : (Record no. 18931)

MARC details
000 -LEADER
fixed length control field 00674nam a22002293a 4500
001 - CONTROL NUMBER
control field 18931
003 - CONTROL NUMBER IDENTIFIER
rucl marc code UkOxU
005 - DATE AND TIME OF LATEST TRANSACTION
control field 20211209000347.0
008 - FIXED-LENGTH DATA ELEMENTS--GENERAL INFORMATION
fixed length control field 140222r19601942enk | |||| | eng d
035 ## - SYSTEM CONTROL NUMBER
System control number (BD-RjUL)18989
040 ## - CATALOGING SOURCE
Original cataloging agency BD-RjUL
Language of cataloging eng
Transcribing agency BD-RjUL
041 ## - LANGUAGE CODE
Language code of text/sound track or separate title eng
082 04 - DEWEY DECIMAL CLASSIFICATION NUMBER
Classification number 942
Author mark and year BRB 1960
100 1# - MAIN ENTRY--PERSONAL NAME
Personal name Brett, S. Reed
9 (RLIN) 46071
245 00 - TITLE STATEMENT
Title British history 1783-1936 :
Remainder of title a school certificate course /
Statement of responsibility, etc. S. reed brett.
260 ## - PUBLICATION, DISTRIBUTION, ETC. (IMPRINT)
Place of publication, distribution, etc. London :
Name of publisher, distributor, etc. John Murray,
Date of publication, distribution, etc. 1942 [Reprinted 1960].
300 ## - PHYSICAL DESCRIPTION
Pagination xii, 492p. ;
Size 18cm.
500 ## - GENERAL NOTE
General note Inventory Control Project Record.
504 ## - BIBLIOGRAPHY, ETC. NOTE
Bibliography, etc Includes Index
650 ## - SUBJECT ADDED ENTRY--TOPICAL TERM
Topical term or geographic name as entry element British history 1783-1936
9 (RLIN) 58383
942 ## - ADDED ENTRY ELEMENTS (KOHA)
Source of classification or shelving scheme Dewey Decimal Classification
Koha item type Books
Holdings
Lost status Source of classification or shelving scheme Damaged status Not for loan Collection code Permanent Location Current Location Shelving location Date acquired Source of acquisition Cost, normal purchase price Total Checkouts Full call number Date last seen Copy number Koha item type Date checked out
  Dewey Decimal Classification     Non-fiction Central Library, University of Rajshahi Central Library, University of Rajshahi   27/12/1968 Zeithlinger. 8.00   942 BRB 1960 22/02/2014 C-6 Books  
  Dewey Decimal Classification     Non-fiction Central Library, University of Rajshahi Central Library, University of Rajshahi   27/12/1968 Zitlinger 8.60   942 BRB 1960 15/03/2014 C-2 Books  
  Dewey Decimal Classification     Non-fiction Central Library, University of Rajshahi Central Library, University of Rajshahi   18/11/1957 O.U.P. 6.00 1 942 BRB 1955 14/03/2023 C-3 Books 22/01/2023
  Dewey Decimal Classification   Not For Loan Non-fiction Central Library, University of Rajshahi Central Library, University of Rajshahi Reading Room 27/12/1968 Zeithlinger. 8.00   942 BRB 1960 12/02/2017 C-1 Books